000 00761cam a2200265 4500500
005 20260329003716.0
041 _afre
042 _adc
100 1 0 _aLegros, Martin
_eauthor
245 0 0 _aQui a mis la main sur notre avenir ?
260 _c2016.
500 _a6
690 _aAriel Colonomos
690 _aAssurance
690 _aDavid Chavalarias
690 _aFrançois-Xavier Hay
690 _aJacques Attali
690 _aMédecine
690 _aPrédiction
690 _aPrévision
690 _aSanté
690 _aSégolène Aymé
786 0 _nPhilosophie magazine | 102 | 9 | 2016-09-01 | p. 32-35 | 1951-1787
856 4 1 _uhttps://shs.cairn.info/magazine-philosophie-magazine-2016-9-page-32?lang=fr&redirect-ssocas=7080
999 _c1826932
_d1826932